<?xml version="1.0" encoding="UTF-8"?>
<marc:record xmlns:marc="http://www.loc.gov/MARC21/slim">
   <marc:leader>00000nam a2200000 a 4500</marc:leader>
   <marc:datafield ind1="1" ind2=" " tag="100">
      <marc:subfield code="a">Seiler, Laura Malina</marc:subfield>
      <marc:subfield code="4">aut</marc:subfield>
      <marc:subfield code="e">Verfasser/-in</marc:subfield>
   </marc:datafield>
   <marc:datafield ind1="0" ind2="0" tag="245">
      <marc:subfield code="a">Zurück zu mir - eine heilende Begegnung</marc:subfield>
   </marc:datafield>
   <marc:datafield ind1=" " ind2="1" tag="264">
      <marc:subfield code="b">Rowohlt</marc:subfield>
      <marc:subfield code="c">2021</marc:subfield>
   </marc:datafield>
   <marc:datafield ind1="1" ind2=" " tag="520">
      <marc:subfield code="a">Die SPIEGEL-Bestsellerautorin und Nummer-1-Podcasterin Laura Malina Seiler erzählt eine inspirierende und ermutigende Geschichte über die große Kraft, die wir in uns finden, darüber, wie wir wahrhaftig leben können.&lt;br/&gt;&lt;br/&gt;In Almas Leben fühlt sich gerade nichts richtig an. Es ist, als würde sie sich mit ihren Problemen im Kreis drehen, obwohl sie sich nichts mehr wünscht, als endlich einfach glücklich zu sein. Aber was sie auch unternimmt, alles scheint wie blockiert - bis ihr eines Tages ein Paket gebracht wird. Darin: ein an sie adressierter Brief und ein Notizbuch. Es ist der Beginn einer inspirierenden Begegnung mit einer ihr zugleich fremden und doch so vertrauten Person, mit einer besonderen älteren Dame - und der Auftakt zu einer Reise zu sich selbst.&lt;br/&gt;[Verlagsmeldung]</marc:subfield>
   </marc:datafield>
   <marc:datafield ind1=" " ind2=" " tag="020">
      <marc:subfield code="a">9783499005794</marc:subfield>
      <marc:subfield code="9">9783499005794</marc:subfield>
   </marc:datafield>
</marc:record>
